| 000 | 01210nam0a2200313 i 4500 | ||
|---|---|---|---|
| 001 | RU\NLR\BIBL_A\011188727 | ||
| 005 | 20241103094345.0 | ||
| 010 |
_a9785905617607 _9200 |
||
| 021 |
_aRU _b2016-56232 _93568 |
||
| 035 | _a(NLR Aleph) 011188727 | ||
| 090 |
_a11856610 _c11856610 |
||
| 100 | _a20160805d2016 u y0rusy50 ca | ||
| 101 | 0 | _arus | |
| 102 | _aRU | ||
| 105 | _ay|||z|||000 | ||
| 200 | 1 |
_aФеномен человека в западном познании. Синергетическая модель человека _fН. И. Кагарманова |
|
| 210 |
_aЕкатеринбург _c[б.и.] _d2016 |
||
| 215 |
_a351 с. _d21 |
||
| 320 | _aБиблиогр.: с. 331-351 (392 назв.) | ||
| 606 | 1 |
_aАнтропология философская _xИстория _92152099 _3RU\NLR\AUTH\661295929 |
|
| 606 |
_aСоциокультурные процессы _xСинергетические исследования _92270953 _3RU\NLR\AUTH\661361129 |
||
| 686 | 1 | _aЮ216.1 | |
| 686 | 1 | _aЮ3(4) | |
| 686 | 1 | _aС550.2в64 | |
| 700 | 1 |
_aКагарманова _bН. И. _gНадежда Ивановна |
|
| 942 | _cBOOK | ||
| 980 | _aNBR | ||